Statistics for ALW's Phantom of the Opera - ULTIMATE Missing Lyrics

Click here to take the quiz!

General Stats

  • This quiz has been taken 251 times
  • The average score is 36 of 54

Answer Stats

Answer% Correct
My spirit and your voice in one {combined}
95%
Say you {love} him and my life is over
95%
He was bound to love you, when he heard you {sing}
94%
Softly, deftly, music shall {caress} you
91%
Let your {soul} take you where you long to be
89%
You must be always on your guard or he will catch you with his magical {lasso}
89%
Your hand at the {level} of your eyes
89%
See why in {shadow} I hide
88%
And in this labyrinth, where {night} is blind
86%
These things do {happen}
84%
Masquerade, {paper} faces on parade
83%
Turn my head with talk of {summertime}
83%
Now as I sing I can {sense} him
82%
You try my patience. Make your {choice}
82%
Behold! She is singing to bring down the {chandelier}!
78%
Far too many {notes} for my taste
77%
It's an engagement not a {crime}
76%
Pitiful {creature} of darkness
76%
Yes, you did well. 'He' will be {pleased}
74%
Flowers fade, the {fruits} of summer fade
73%
If these demands be ignored, a {disaster} beyond your imagination will occur
73%
Lead me, {save} me from my solitude
73%
Seal my {fate} tonight I hate to have to cut the fun short
73%
Sir, this is indeed an unparalleled {delight}
73%
Angel or father, {friend} or phantom, who is it there staring?
72%
Brava, Brava, {Bravissima}
70%
Perhaps we can frighten away the ghost of so many years ago with a little {illumination}
70%
Take the boat, swear to me never to tell, the secrets you know of this angel in {hell}
70%
The curtains fall, his {reign} will end
70%
No more memories, no more {silent} tears
69%
Oh, God, if I agree what {horrors} wait for me
68%
I have needed you with me to {serve} me, to sing
65%
This face which earned a mother's fear and {loathing}
65%
Yet in his eyes all the {sadness} of the world
64%
Your {chains} are still mine, you will sing for me
63%
Have you {gorged} yourself at last in your lust for blood?
62%
Serafimo, away with this {pretence}!
59%
Passing {bells} and sculpted angels
58%
Such a {pity} that the Phantom can't be here
58%
I watched your face from the shadows, {distant} through all the applause
56%
Outrage! This whole affair is an outrage! Have you seen the {size} of my part?
54%
{Gossip}'s worth its weight in gold
53%
Monsieur, believe me, there is no way of turning the {tide}
52%
Too long you've wandered in winter, far from my {fathering} gaze
50%
As my {Diva} commands. Will two bars be sufficient?
47%
Dropped all defences, completely {succumbed} to me
44%
Some chorus members must be {sacked}
44%
Those who {tangle} with Don Juan
41%
Bravo, monsieur, such {spirited} words!
39%
The chorus was entrancing but the dancing was a {lamentable} mess
37%
No thoughts within her head but thoughts of {joy}
33%
If you need me I shall be in {Frankfurt}
31%
Tangled in the {winding} sheets
21%
Light up the stage with an age-old {rapport}
20%

Score Distribution

Percentile by Number Answered

Percent of People with Each Score

Your Score History

You have not taken this quiz